[Event "French Blitz Championship"]
[Site "portmarly2022.ffechecs.org"]
[Date "2022.05.28"]
[Round "7"]
[White "Chabanon, Jean-Luc"]
[Black "Saglier, Paul"]
[Result "1/2-1/2"]
[Board "8"]
[WhiteElo "2431"]
[WhiteTitle "GM"]
[WhiteCountry "FRA"]
[WhiteFideId "600075"]
[WhiteEloChange "-3"]
[BlackElo "2145"]
[BlackCountry "FRA"]
[BlackFideId "20600887"]
[BlackEloChange "7"]

1. Nf3 {[%clk 0:05:05]} Nf6 {[%clk 0:05:05]} 2. g3 {[%clk 0:05:06]} e6 {[%clk
0:05:02]} 3. Bg2 {[%clk 0:05:03]} d5 {[%clk 0:05:02]} 4. O-O {[%clk 0:05:00]} Be7
{[%clk 0:05:04]} 5. c4 {[%clk 0:04:37]} O-O {[%clk 0:05:04]} 6. d4 {[%clk
0:04:28]} b6 {[%clk 0:04:56]} 7. Nc3 {[%clk 0:04:13]} Bb7 {[%clk 0:04:57]} 8.
cxd5 {[%clk 0:03:49]} Nxd5 {[%clk 0:04:51]} 9. Re1 {[%clk 0:03:45]} Nxc3 {[%clk
0:04:45]} 10. bxc3 {[%clk 0:03:46]} Be4 {[%clk 0:04:46]} 11. Ne5 {[%clk 0:03:18]}
Bxg2 {[%clk 0:04:37]} 12. Kxg2 {[%clk 0:03:20]} Bd6 {[%clk 0:04:32]} 13. Nc4
{[%clk 0:03:03]} b5 {[%clk 0:03:45]} 14. Nxd6 {[%clk 0:02:48]} cxd6 {[%clk
0:03:44]} 15. a4 {[%clk 0:02:48]} bxa4 {[%clk 0:03:41]} 16. Qxa4 {[%clk 0:02:46]}
Nd7 {[%clk 0:03:37]} 17. Ba3 {[%clk 0:02:41]} Qc7 {[%clk 0:03:17]} 18. Bb4 {[%clk
0:01:47]} Nb6 {[%clk 0:03:12]} 19. Qb5 {[%clk 0:01:38]} a6 {[%clk 0:02:30]} 20.
Qa5 {[%clk 0:01:26]} Qc6+ {[%clk 0:02:27]} 21. e4 {[%clk 0:01:19]} Rfc8 {[%clk
0:02:14]} 22. Qa2 {[%clk 0:00:55]} a5 {[%clk 0:02:03]} 23. Ba3 {[%clk 0:00:57]}
Qxc3 {[%clk 0:01:56]} 24. Bxd6 {[%clk 0:00:54]} Qxd4 {[%clk 0:01:55]} 25. Rad1
{[%clk 0:00:49]} Qc4 {[%clk 0:01:52]} 26. Qa1 {[%clk 0:00:49]} 1/2-1/2

[Event "French Blitz Championship"]
[Site "portmarly2022.ffechecs.org"]
[Date "2022.05.28"]
[Round "8"]
[White "Lagarde, Maxime"]
[Black "Guliyev, Namig"]
[Result "0-1"]
[Board "1"]
[WhiteElo "2622"]
[WhiteTitle "GM"]
[WhiteCountry "FRA"]
[WhiteFideId "662399"]
[WhiteEloChange "-7"]
[BlackElo "2487"]
[BlackTitle "GM"]
[BlackCountry "AZE"]
[BlackFideId "13400363"]
[BlackEloChange "7"]

1. e4 {[%clk 0:05:06]} e5 {[%clk 0:05:05]} 2. Nf3 {[%clk 0:05:07]} Nf6 {[%clk
0:05:07]} 3. d4 {[%clk 0:05:06]} Nxe4 {[%clk 0:05:04]} 4. Bd3 {[%clk 0:05:07]} d5
{[%clk 0:05:04]} 5. dxe5 {[%clk 0:05:09]} Be7 {[%clk 0:04:50]} 6. O-O {[%clk
0:05:09]} Nc6 {[%clk 0:04:28]} 7. Nc3 {[%clk 0:05:04]} Nc5 {[%clk 0:04:21]} 8.
Re1 {[%clk 0:04:55]} Nxd3 {[%clk 0:04:19]} 9. Qxd3 {[%clk 0:04:54]} Be6 {[%clk
0:04:20]} 10. Ne2 {[%clk 0:04:29]} Qd7 {[%clk 0:04:15]} 11. Ned4 {[%clk 0:04:22]}
Nxd4 {[%clk 0:04:06]} 12. Nxd4 {[%clk 0:04:23]} c5 {[%clk 0:04:07]} 13. Nxe6
{[%clk 0:04:24]} fxe6 {[%clk 0:04:03]} 14. c4 {[%clk 0:04:26]} O-O {[%clk
0:04:01]} 15. cxd5 {[%clk 0:04:07]} Qxd5 {[%clk 0:03:45]} 16. Qg3 {[%clk
0:03:02]} Rad8 {[%clk 0:03:41]} 17. Bh6 {[%clk 0:02:04]} Rf7 {[%clk 0:03:43]} 18.
h3 {[%clk 0:01:44]} a6 {[%clk 0:03:37]} 19. b3 {[%clk 0:01:20]} b5 {[%clk
0:03:30]} 20. Rac1 {[%clk 0:01:22]} Qd3 {[%clk 0:03:11]} 21. Be3 {[%clk 0:01:15]}
Rd5 {[%clk 0:03:07]} 22. f4 {[%clk 0:00:56]} Bf8 {[%clk 0:02:50]} 23. Qg4 {[%clk
0:00:57]} Qf5 {[%clk 0:02:47]} 24. Qxf5 {[%clk 0:00:58]} exf5 {[%clk 0:02:42]}
25. Red1 {[%clk 0:00:52]} Rfd7 {[%clk 0:02:41]} 26. Rxd5 {[%clk 0:00:52]} Rxd5
{[%clk 0:02:43]} 27. g4 {[%clk 0:00:50]} g6 {[%clk 0:02:44]} 28. Kf2 {[%clk
0:00:52]} Kf7 {[%clk 0:02:46]} 29. Ke2 {[%clk 0:00:54]} Ke6 {[%clk 0:02:46]} 30.
a4 {[%clk 0:00:50]} Be7 {[%clk 0:02:23]} 31. axb5 {[%clk 0:00:52]} axb5 {[%clk
0:02:24]} 32. Ra1 {[%clk 0:00:54]} Rd7 {[%clk 0:02:22]} 33. Ra6+ {[%clk 0:00:35]}
Kd5 {[%clk 0:02:23]} 34. gxf5 {[%clk 0:00:34]} gxf5 {[%clk 0:02:25]} 35. Kd3
{[%clk 0:00:36]} c4+ {[%clk 0:02:16]} 36. bxc4+ {[%clk 0:00:38]} bxc4+ {[%clk
0:02:18]} 37. Kc3 {[%clk 0:00:40]} Rb7 {[%clk 0:01:28]} 38. Bb6 {[%clk 0:00:15]}
Bh4 {[%clk 0:00:59]} 39. Ra5+ {[%clk 0:00:11]} Ke4 {[%clk 0:01:00]} 40. Ra6
{[%clk 0:00:09]} Kxf4 {[%clk 0:00:29]} 41. Kxc4 {[%clk 0:00:10]} Kxe5 {[%clk
0:00:29]} 42. Bd4+ {[%clk 0:00:10]} Ke4 {[%clk 0:00:27]} 43. Re6+ {[%clk
0:00:12]} Kf3 {[%clk 0:00:27]} 44. Re3+ {[%clk 0:00:08]} Kg2 {[%clk 0:00:26]} 45.
Be5 {[%clk 0:00:08]} h6 {[%clk 0:00:19]} 46. Kd5 {[%clk 0:00:05]} Re7 {[%clk
0:00:15]} 47. Re2+ {[%clk 0:00:04]} Kf3 {[%clk 0:00:16]} 48. Ra2 {[%clk 0:00:06]}
Bg5 {[%clk 0:00:15]} 49. Ra3+ {[%clk 0:00:09]} Kg2 {[%clk 0:00:17]} 50. Ra8
{[%clk 0:00:05]} f4 {[%clk 0:00:19]} 51. Rf8 {[%clk 0:00:07]} f3 {[%clk 0:00:20]}
52. Bd4 {[%clk 0:00:09]} Be3 {[%clk 0:00:13]} 53. Rg8+ {[%clk 0:00:09]} Kf1
{[%clk 0:00:15]} 54. Bf6 {[%clk 0:00:10]} Rf7 {[%clk 0:00:14]} 55. Bh4 {[%clk
0:00:07]} f2 {[%clk 0:00:14]} 56. Ke6 {[%clk 0:00:06]} Rf4 {[%clk 0:00:15]} 57.
Bg3 {[%clk 0:00:08]} Rf3 {[%clk 0:00:16]} 58. Rg6 {[%clk 0:00:08]} Ke2 {[%clk
0:00:17]} 59. Bxf2 {[%clk 0:00:10]} Kxf2 {[%clk 0:00:19]} 60. h4 {[%clk 0:00:12]}
Ke2 {[%clk 0:00:15]} 61. Ke5 {[%clk 0:00:11]} Rh3 {[%clk 0:00:16]} 62. Rg4 {[%clk
0:00:09]} Bf2 {[%clk 0:00:16]} 63. Kf4 {[%clk 0:00:07]} Bxh4 {[%clk 0:00:15]} 64.
Rg2+ {[%clk 0:00:09]} Kf1 {[%clk 0:00:16]} 65. Ra2 {[%clk 0:00:11]} Bg5+ {[%clk
0:00:18]} 66. Kg4 {[%clk 0:00:13]} Rd3 {[%clk 0:00:19]} 67. Ra1+ {[%clk 0:00:12]}
Ke2 {[%clk 0:00:21]} 68. Ra2+ {[%clk 0:00:15]} Ke3 {[%clk 0:00:22]} 69. Ra4
{[%clk 0:00:15]} Rd1 {[%clk 0:00:22]} 70. Ra3+ {[%clk 0:00:17]} Ke2 {[%clk
0:00:24]} 71. Ra2+ {[%clk 0:00:20]} Bd2 {[%clk 0:00:26]} 72. Kh3 {[%clk 0:00:16]}
Rg1 {[%clk 0:00:25]} 73. Rb2 {[%clk 0:00:16]} Rg6 {[%clk 0:00:27]} 74. Ra2 {[%clk
0:00:18]} Rd6 {[%clk 0:00:28]} 75. Rb2 {[%clk 0:00:19]} Rd5 {[%clk 0:00:30]} 76.
Ra2 {[%clk 0:00:19]} Kf3 {[%clk 0:00:32]} 77. Ra3+ {[%clk 0:00:16]} Be3 {[%clk
0:00:33]} 78. Kh4 {[%clk 0:00:18]} Rd1 {[%clk 0:00:33]} 79. Kh5 {[%clk 0:00:19]}
Rh1+ {[%clk 0:00:35]} 80. Kg6 {[%clk 0:00:21]} h5 {[%clk 0:00:37]} 0-1

[Event "French Blitz Championship"]
[Site "portmarly2022.ffechecs.org"]
[Date "2022.05.28"]
[Round "8"]
[White "Bellahcene, Bilel"]
[Black "Sochacki, Christophe"]
[Result "0-1"]
[Board "2"]
[WhiteElo "2562"]
[WhiteTitle "GM"]
[WhiteCountry "ALG"]
[WhiteFideId "696358"]
[WhiteEloChange "-6"]
[BlackElo "2480"]
[BlackTitle "GM"]
[BlackCountry "FRA"]
[BlackFideId "662569"]
[BlackEloChange "6"]

1. e4 {[%clk 0:05:03]} c5 {[%clk 0:05:01]} 2. Nf3 {[%clk 0:05:05]} e6 {[%clk
0:05:03]} 3. d4 {[%clk 0:05:07]} cxd4 {[%clk 0:05:05]} 4. Nxd4 {[%clk 0:05:10]}
Nc6 {[%clk 0:05:07]} 5. Nc3 {[%clk 0:05:11]} Qc7 {[%clk 0:05:09]} 6. Be2 {[%clk
0:05:13]} Nf6 {[%clk 0:05:04]} 7. a3 {[%clk 0:05:15]} a6 {[%clk 0:05:05]} 8. Be3
{[%clk 0:05:16]} b5 {[%clk 0:04:59]} 9. Nxc6 {[%clk 0:05:16]} dxc6 {[%clk
0:05:01]} 10. f4 {[%clk 0:04:53]} e5 {[%clk 0:04:27]} 11. fxe5 {[%clk 0:04:19]}
Qxe5 {[%clk 0:04:28]} 12. Bd4 {[%clk 0:04:14]} Qg5 {[%clk 0:04:06]} 13. e5 {[%clk
0:04:10]} Nd5 {[%clk 0:04:06]} 14. Nxd5 {[%clk 0:04:04]} cxd5 {[%clk 0:04:08]}
15. O-O {[%clk 0:03:11]} Be7 {[%clk 0:04:09]} 16. a4 {[%clk 0:03:02]} b4 {[%clk
0:04:10]} 17. Bd3 {[%clk 0:01:57]} O-O {[%clk 0:04:06]} 18. Kh1 {[%clk 0:01:59]}
a5 {[%clk 0:03:46]} 19. Qe1 {[%clk 0:01:44]} Ba6 {[%clk 0:03:35]} 20. e6 {[%clk
0:01:09]} Bxd3 {[%clk 0:03:36]} 21. cxd3 {[%clk 0:01:03]} Ra6 {[%clk 0:02:48]}
22. exf7+ {[%clk 0:00:59]} Rxf7 {[%clk 0:02:50]} 23. Rc1 {[%clk 0:00:51]} Rxf1+
{[%clk 0:02:24]} 24. Qxf1 {[%clk 0:00:53]} h6 {[%clk 0:02:26]} 25. Rc7 {[%clk
0:00:46]} Re6 {[%clk 0:02:21]} 26. Bg1 {[%clk 0:00:15]} Bf6 {[%clk 0:02:05]} 27.
d4 {[%clk 0:00:16]} Re4 {[%clk 0:02:03]} 28. Rd7 {[%clk 0:00:10]} Qd2 {[%clk
0:01:45]} 29. Qf5 {[%clk 0:00:07]} Re1 {[%clk 0:01:37]} 30. Qxd5+ {[%clk
0:00:09]} Kh8 {[%clk 0:01:33]} 31. Qf3 {[%clk 0:00:04]} Qxb2 {[%clk 0:01:21]} 32.
Ra7 {[%clk 0:00:04]} Qb1 {[%clk 0:01:22]} 33. Ra8+ {[%clk 0:00:06]} Kh7 {[%clk
0:01:24]} 34. Qf2 {[%clk 0:00:08]} Rf1 {[%clk 0:01:18]} 35. Qe3 {[%clk 0:00:10]}
Bg5 {[%clk 0:01:19]} 0-1

[Event "French Blitz Championship"]
[Site "portmarly2022.ffechecs.org"]
[Date "2022.05.28"]
[Round "8"]
[White "David, Alberto"]
[Black "Mirimanian, Hayk"]
[Result "1-0"]
[Board "3"]
[WhiteElo "2548"]
[WhiteTitle "GM"]
[WhiteCountry "ITA"]
[WhiteFideId "4000013"]
[WhiteEloChange "2"]
[BlackElo "2247"]
[BlackTitle "FM"]
[BlackCountry "FRA"]
[BlackFideId "4700180"]
[BlackEloChange "-3"]

1. e4 {[%clk 0:05:05]} c5 {[%clk 0:05:05]} 2. Nf3 {[%clk 0:05:06]} e6 {[%clk
0:05:06]} 3. d3 {[%clk 0:05:08]} Nc6 {[%clk 0:04:56]} 4. g3 {[%clk 0:05:09]} Nf6
{[%clk 0:04:20]} 5. Bg2 {[%clk 0:05:11]} d5 {[%clk 0:04:23]} 6. Qe2 {[%clk
0:05:13]} Be7 {[%clk 0:04:22]} 7. O-O {[%clk 0:05:14]} a6 {[%clk 0:03:49]} 8. c3
{[%clk 0:05:08]} b5 {[%clk 0:03:51]} 9. e5 {[%clk 0:05:09]} Nd7 {[%clk 0:03:51]}
10. h4 {[%clk 0:05:11]} Bb7 {[%clk 0:03:34]} 11. Bf4 {[%clk 0:04:52]} h6 {[%clk
0:03:07]} 12. h5 {[%clk 0:04:54]} Qc7 {[%clk 0:02:56]} 13. c4 {[%clk 0:04:09]}
Nb6 {[%clk 0:01:22]} 14. Na3 {[%clk 0:04:10]} b4 {[%clk 0:01:06]} 15. Nc2 {[%clk
0:04:11]} O-O-O {[%clk 0:01:01]} 16. Ne3 {[%clk 0:04:03]} g5 {[%clk 0:01:01]} 17.
hxg6 {[%clk 0:04:03]} fxg6 {[%clk 0:01:03]} 18. g4 {[%clk 0:04:04]} d4 {[%clk
0:00:48]} 19. Nc2 {[%clk 0:04:00]} g5 {[%clk 0:00:50]} 20. Bg3 {[%clk 0:04:00]}
h5 {[%clk 0:00:50]} 21. Nd2 {[%clk 0:03:28]} h4 {[%clk 0:00:23]} 22. Bh2 {[%clk
0:03:29]} Nd7 {[%clk 0:00:24]} 23. Rae1 {[%clk 0:03:25]} Rdf8 {[%clk 0:00:25]}
24. a3 {[%clk 0:03:25]} a5 {[%clk 0:00:25]} 25. axb4 {[%clk 0:03:23]} axb4 {[%clk
0:00:30]} 26. Na1 {[%clk 0:03:04]} h3 {[%clk 0:00:31]} 27. Be4 {[%clk 0:02:56]}
Rh4 {[%clk 0:00:32]} 28. f3 {[%clk 0:02:31]} Qb6 {[%clk 0:00:23]} 29. Nab3 {[%clk
0:02:27]} Bd8 {[%clk 0:00:25]} 30. Bg3 {[%clk 0:02:26]} Rhh8 {[%clk 0:00:27]} 31.
Kh2 {[%clk 0:02:28]} Bc7 {[%clk 0:00:29]} 32. Bxc6 {[%clk 0:02:16]} Bxc6 {[%clk
0:00:31]} 33. Ne4 {[%clk 0:02:18]} Bxe4 {[%clk 0:00:23]} 34. Qxe4 {[%clk
0:02:20]} Qb7 {[%clk 0:00:26]} 35. Qe2 {[%clk 0:02:11]} Rf7 {[%clk 0:00:25]} 36.
Ra1 {[%clk 0:02:10]} Rhf8 {[%clk 0:00:27]} 37. Nd2 {[%clk 0:02:12]} Rh8 {[%clk
0:00:26]} 38. Ne4 {[%clk 0:02:06]} Nxe5 {[%clk 0:00:15]} 39. Nxg5 {[%clk
0:02:00]} Nxg4+ {[%clk 0:00:16]} 40. fxg4 {[%clk 0:02:01]} Rxf1 {[%clk 0:00:12]}
41. Qxe6+ {[%clk 0:02:01]} Kb8 {[%clk 0:00:12]} 42. Rxf1 {[%clk 0:01:30]} 1-0

[Event "French Blitz Championship"]
[Site "portmarly2022.ffechecs.org"]
[Date "2022.05.28"]
[Round "8"]
[White "Iglesias, Yosha"]
[Black "Shchekachev, Andrei"]
[Result "0-1"]
[Board "4"]
[WhiteElo "2248"]
[WhiteTitle "FM"]
[WhiteCountry "FRA"]
[WhiteFideId "637823"]
[WhiteEloChange "-4"]
[BlackElo "2500"]
[BlackTitle "GM"]
[BlackCountry "FRA"]
[BlackFideId "4107730"]
[BlackEloChange "2"]

1. Nf3 {[%clk 0:05:03]} c5 {[%clk 0:04:59]} 2. c4 {[%clk 0:04:56]} g6 {[%clk
0:05:00]} 3. e3 {[%clk 0:04:56]} Nf6 {[%clk 0:04:58]} 4. d4 {[%clk 0:04:55]} cxd4
{[%clk 0:04:54]} 5. exd4 {[%clk 0:04:55]} d5 {[%clk 0:04:49]} 6. Nc3 {[%clk
0:04:45]} Bg7 {[%clk 0:04:48]} 7. cxd5 {[%clk 0:04:12]} Nxd5 {[%clk 0:04:35]} 8.
Qb3 {[%clk 0:04:05]} Nxc3 {[%clk 0:04:23]} 9. bxc3 {[%clk 0:03:47]} O-O {[%clk
0:04:22]} 10. Be2 {[%clk 0:03:35]} Nc6 {[%clk 0:04:17]} 11. O-O {[%clk 0:03:32]}
b6 {[%clk 0:04:18]} 12. Be3 {[%clk 0:03:09]} Bb7 {[%clk 0:04:18]} 13. Qa4 {[%clk
0:02:11]} Rc8 {[%clk 0:03:28]} 14. Ba6 {[%clk 0:01:48]} Bxa6 {[%clk 0:03:11]} 15.
Qxa6 {[%clk 0:01:49]} Na5 {[%clk 0:03:04]} 16. Rac1 {[%clk 0:01:38]} Nc4 {[%clk
0:02:04]} 17. Qxa7 {[%clk 0:01:29]} Qd5 {[%clk 0:01:14]} 18. Qxe7 {[%clk
0:01:13]} Rfe8 {[%clk 0:01:00]} 19. Qg5 {[%clk 0:01:13]} Nxe3 {[%clk 0:00:52]}
20. fxe3 {[%clk 0:01:11]} Qxg5 {[%clk 0:00:50]} 21. Nxg5 {[%clk 0:01:12]} Bh6
{[%clk 0:00:37]} 22. h4 {[%clk 0:01:03]} Bxg5 {[%clk 0:00:16]} 23. hxg5 {[%clk
0:01:04]} Rxe3 {[%clk 0:00:17]} 24. Rf3 {[%clk 0:00:59]} Re2 {[%clk 0:00:19]} 25.
Rf2 {[%clk 0:01:00]} Re3 {[%clk 0:00:19]} 26. c4 {[%clk 0:00:55]} Rd3 {[%clk
0:00:21]} 27. Rf4 {[%clk 0:00:49]} Ra3 {[%clk 0:00:15]} 28. Rf6 {[%clk 0:00:46]}
Rd3 {[%clk 0:00:10]} 29. Rd6 {[%clk 0:00:40]} Rd2 {[%clk 0:00:09]} 30. a4 {[%clk
0:00:37]} Re8 {[%clk 0:00:12]} 31. c5 {[%clk 0:00:19]} Ree2 {[%clk 0:00:12]} 32.
c6 {[%clk 0:00:19]} Rxg2+ {[%clk 0:00:14]} 33. Kf1 {[%clk 0:00:20]} Rgf2+ {[%clk
0:00:15]} 34. Kg1 {[%clk 0:00:20]} 0-1

[Event "French Blitz Championship"]
[Site "portmarly2022.ffechecs.org"]
[Date "2022.05.28"]
[Round "8"]
[White "Rakotomaharo, Fy Antenaina"]
[Black "Bournel, Antoine"]
[Result "1/2-1/2"]
[Board "5"]
[WhiteElo "2473"]
[WhiteTitle "IM"]
[WhiteCountry "MAD"]
[WhiteFideId "13100050"]
[WhiteEloChange "-4"]
[BlackElo "2096"]
[BlackTitle "FM"]
[BlackCountry "FRA"]
[BlackFideId "26093553"]
[BlackEloChange "8"]

1. e4 {[%clk 0:05:04]} c6 {[%clk 0:05:06]} 2. Nf3 {[%clk 0:05:03]} d5 {[%clk
0:05:09]} 3. d3 {[%clk 0:05:05]} dxe4 {[%clk 0:05:11]} 4. dxe4 {[%clk 0:05:07]}
Qxd1+ {[%clk 0:05:13]} 5. Kxd1 {[%clk 0:05:07]} Nd7 {[%clk 0:05:15]} 6. Ne1
{[%clk 0:04:57]} Nc5 {[%clk 0:04:57]} 7. f3 {[%clk 0:04:59]} e5 {[%clk 0:04:50]}
8. Be3 {[%clk 0:04:58]} f5 {[%clk 0:04:47]} 9. Nd3 {[%clk 0:04:57]} Nxd3 {[%clk
0:04:42]} 10. cxd3 {[%clk 0:04:57]} Nf6 {[%clk 0:04:25]} 11. Nd2 {[%clk 0:04:58]}
Be6 {[%clk 0:04:00]} 12. Kc2 {[%clk 0:04:59]} Bd6 {[%clk 0:03:39]} 13. g3 {[%clk
0:03:38]} Kf7 {[%clk 0:03:22]} 14. Bh3 {[%clk 0:03:31]} g6 {[%clk 0:03:12]} 15.
Rae1 {[%clk 0:03:20]} Rhe8 {[%clk 0:02:49]} 16. Rhf1 {[%clk 0:03:15]} a5 {[%clk
0:01:58]} 17. a3 {[%clk 0:02:13]} b5 {[%clk 0:01:51]} 18. Nb3 {[%clk 0:01:19]} c5
{[%clk 0:00:46]} 19. f4 {[%clk 0:00:20]} c4 {[%clk 0:00:32]} 20. dxc4 {[%clk
0:00:09]} Bxc4 {[%clk 0:00:20]} 21. exf5 {[%clk 0:00:08]} Bxf1 {[%clk 0:00:08]}
22. fxg6+ {[%clk 0:00:10]} Kxg6 {[%clk 0:00:08]} 23. f5+ {[%clk 0:00:09]} Kf7
{[%clk 0:00:10]} 24. Bxf1 {[%clk 0:00:10]} Nd5 {[%clk 0:00:08]} 25. Bxb5 {[%clk
0:00:09]} Rec8+ {[%clk 0:00:11]} 26. Kb1 {[%clk 0:00:09]} Rab8 {[%clk 0:00:11]}
27. a4 {[%clk 0:00:13]} h5 {[%clk 0:00:09]} 28. Bd2 {[%clk 0:00:12]} Kf6 {[%clk
0:00:08]} 29. Nxa5 {[%clk 0:00:12]} Kxf5 {[%clk 0:00:09]} 30. Bd7+ {[%clk
0:00:14]} Kf6 {[%clk 0:00:08]} 31. Bxc8 {[%clk 0:00:15]} Rxc8 {[%clk 0:00:10]}
32. b3 {[%clk 0:00:11]} Kf5 {[%clk 0:00:07]} 33. Nc4 {[%clk 0:00:12]} Bc7 {[%clk
0:00:05]} 34. a5 {[%clk 0:00:13]} Rb8 {[%clk 0:00:06]} 35. Kc2 {[%clk 0:00:14]}
e4 {[%clk 0:00:07]} 36. Rf1+ {[%clk 0:00:16]} Ke6 {[%clk 0:00:09]} 37. Re1 {[%clk
0:00:13]} Kf5 {[%clk 0:00:11]} 38. a6 {[%clk 0:00:10]} Ra8 {[%clk 0:00:06]} 39.
Rf1+ {[%clk 0:00:11]} Ke6 {[%clk 0:00:09]} 40. Ra1 {[%clk 0:00:13]} Kd7 {[%clk
0:00:06]} 41. b4 {[%clk 0:00:09]} Kc6 {[%clk 0:00:08]} 42. Kb3 {[%clk 0:00:11]}
Rf8 {[%clk 0:00:08]} 43. Ka4 {[%clk 0:00:09]} Rb8 {[%clk 0:00:09]} 44. Rb1 {[%clk
0:00:09]} Ra8 {[%clk 0:00:04]} 45. b5+ {[%clk 0:00:09]} Kc5 {[%clk 0:00:04]} 46.
Ne3 {[%clk 0:00:11]} Nb6+ {[%clk 0:00:08]} 47. Ka3 {[%clk 0:00:11]} Be5 {[%clk
0:00:06]} 48. Rc1+ {[%clk 0:00:12]} Kd4 {[%clk 0:00:06]} 49. Bc3+ {[%clk
0:00:11]} Kxe3 {[%clk 0:00:06]} 50. Bxe5 {[%clk 0:00:13]} Kd3 {[%clk 0:00:07]}
51. Kb4 {[%clk 0:00:13]} e3 {[%clk 0:00:09]} 52. Bf4 {[%clk 0:00:13]} e2 {[%clk
0:00:07]} 53. Ka5 {[%clk 0:00:05]} Nc4+ {[%clk 0:00:07]} 54. Kb4 {[%clk 0:00:07]}
Nb6 {[%clk 0:00:05]} 55. Ra1 {[%clk 0:00:09]} Nd5+ {[%clk 0:00:06]} 56. Ka5
{[%clk 0:00:10]} Re8 {[%clk 0:00:04]} 57. a7 {[%clk 0:00:10]} e1=Q+ {[%clk
0:00:06]} 58. Rxe1 {[%clk 0:00:12]} Rxe1 {[%clk 0:00:08]} 59. Ka6 {[%clk
0:00:10]} Kc4 {[%clk 0:00:04]} 60. b6 {[%clk 0:00:10]} Kc5 {[%clk 0:00:04]} 61.
a8=Q {[%clk 0:00:05]} Ra1+ {[%clk 0:00:05]} 62. Kb7 {[%clk 0:00:07]} Rxa8 {[%clk
0:00:07]} 63. Kxa8 {[%clk 0:00:09]} Kxb6 {[%clk 0:00:07]} 64. Bg5 {[%clk
0:00:10]} Kc7 {[%clk 0:00:06]} 65. Ka7 {[%clk 0:00:12]} Kd6 {[%clk 0:00:08]} 66.
Kb7 {[%clk 0:00:13]} Ke6 {[%clk 0:00:06]} 67. Kc6 {[%clk 0:00:15]} Nc3 {[%clk
0:00:08]} 68. Bd2 {[%clk 0:00:13]} Ne4 {[%clk 0:00:07]} 69. Bf4 {[%clk 0:00:15]}
Kf5 {[%clk 0:00:07]} 70. Kd5 {[%clk 0:00:17]} h4 {[%clk 0:00:06]} 71. gxh4 {[%clk
0:00:13]} Kxf4 {[%clk 0:00:06]} 72. Ke6 {[%clk 0:00:14]} Kg4 {[%clk 0:00:10]} 73.
Ke5 {[%clk 0:00:16]} Kxh4 {[%clk 0:00:11]} 74. Kxe4 {[%clk 0:00:18]} Kh3 {[%clk
0:00:13]} 75. Kf3 {[%clk 0:00:20]} Kxh2 {[%clk 0:00:15]} 76. Ke4 {[%clk 0:00:20]}
1/2-1/2

[Event "French Blitz Championship"]
[Site "portmarly2022.ffechecs.org"]
[Date "2022.05.28"]
[Round "8"]
[White "Boyer, Mahel"]
[Black "Riff, Vincent"]
[Result "1/2-1/2"]
[Board "6"]
[WhiteElo "2328"]
[WhiteTitle "IM"]
[WhiteCountry "FRA"]
[WhiteFideId "45102422"]
[WhiteEloChange "1"]
[BlackElo "2377"]
[BlackTitle "FM"]
[BlackCountry "FRA"]
[BlackFideId "617776"]
[BlackEloChange "-1"]

1. d4 {[%clk 0:05:04]} Nf6 {[%clk 0:05:05]} 2. c4 {[%clk 0:05:04]} c5 {[%clk
0:05:05]} 3. d5 {[%clk 0:05:08]} e5 {[%clk 0:05:10]} 4. Nc3 {[%clk 0:05:05]} d6
{[%clk 0:05:13]} 5. e4 {[%clk 0:05:06]} Be7 {[%clk 0:05:15]} 6. Be2 {[%clk
0:04:33]} Nbd7 {[%clk 0:05:17]} 7. Be3 {[%clk 0:04:32]} Nf8 {[%clk 0:05:18]} 8.
h4 {[%clk 0:04:30]} h6 {[%clk 0:05:16]} 9. a3 {[%clk 0:03:45]} Ng6 {[%clk
0:04:37]} 10. g3 {[%clk 0:03:47]} O-O {[%clk 0:04:37]} 11. f3 {[%clk 0:03:24]}
Ne8 {[%clk 0:04:23]} 12. Nh3 {[%clk 0:03:16]} a6 {[%clk 0:04:20]} 13. Nf2 {[%clk
0:03:17]} Bd7 {[%clk 0:04:15]} 14. b4 {[%clk 0:03:18]} cxb4 {[%clk 0:04:16]} 15.
axb4 {[%clk 0:03:20]} Rc8 {[%clk 0:04:18]} 16. Qb3 {[%clk 0:03:19]} f5 {[%clk
0:04:12]} 17. exf5 {[%clk 0:03:16]} Bxf5 {[%clk 0:04:14]} 18. Nce4 {[%clk
0:02:49]} Nf6 {[%clk 0:04:15]} 19. Bd3 {[%clk 0:02:49]} Nxe4 {[%clk 0:03:57]} 20.
Bxe4 {[%clk 0:02:12]} Bxe4 {[%clk 0:03:58]} 21. Nxe4 {[%clk 0:02:08]} Rxf3 {[%clk
0:03:55]} 22. Ke2 {[%clk 0:02:10]} Rf8 {[%clk 0:03:47]} 23. Raf1 {[%clk 0:02:07]}
Qd7 {[%clk 0:03:50]} 24. Kd3 {[%clk 0:01:47]} h5 {[%clk 0:03:30]} 25. b5 {[%clk
0:01:23]} Rf5 {[%clk 0:03:03]} 26. Qb1 {[%clk 0:00:57]} Rcf8 {[%clk 0:03:00]} 27.
Rxf5 {[%clk 0:00:58]} Qxf5 {[%clk 0:03:00]} 28. bxa6 {[%clk 0:00:47]} bxa6 {[%clk
0:03:02]} 29. Rh2 {[%clk 0:00:49]} Qg4 {[%clk 0:02:55]} 30. Qc2 {[%clk 0:00:14]}
Rf3 {[%clk 0:02:52]} 31. Kd2 {[%clk 0:00:07]} Bd8 {[%clk 0:02:43]} 32. Re2 {[%clk
0:00:07]} Ba5+ {[%clk 0:02:44]} 33. Kd3 {[%clk 0:00:09]} Bb6 {[%clk 0:02:43]} 34.
c5 {[%clk 0:00:10]} dxc5 {[%clk 0:02:43]} 35. Qc4 {[%clk 0:00:12]} Rf1 {[%clk
0:02:35]} 36. d6+ {[%clk 0:00:13]} Kh8 {[%clk 0:02:31]} 37. Kc2 {[%clk 0:00:13]}
Bd8 {[%clk 0:02:31]} 38. Rd2 {[%clk 0:00:10]} Qd7 {[%clk 0:02:18]} 39. Nxc5
{[%clk 0:00:10]} Qc6 {[%clk 0:02:18]} 40. Qe4 {[%clk 0:00:10]} Qb5 {[%clk
0:02:13]} 41. Rd1 {[%clk 0:00:10]} Rf6 {[%clk 0:02:06]} 42. Qd3 {[%clk 0:00:12]}
Qc6 {[%clk 0:02:04]} 43. Qd5 {[%clk 0:00:12]} Qb5 {[%clk 0:02:03]} 44. Qd3 {[%clk
0:00:16]} Qc6 {[%clk 0:02:06]} 45. Qd5 {[%clk 0:00:13]} Qb5 {[%clk 0:02:08]} 46.
Qd3 {[%clk 0:00:12]} Qc6 {[%clk 0:02:08]} 1/2-1/2